000
00339nam a2200157Ia 4500
100
_a
Mc Fadden/Michael
650
_a
General
942
_c
RB
654
_a
Bachelor Fatherhood
245
_a
Bachelor Fatherhood
260
_b
Walker & Co.
_a
New York
_c
1974
082
_a
306.8
_b
Mcf
300
_a
158
546
_a
ENGLISH
999
_c
31278
_d
31278